[Event "Czech Fed-ch opA"]
[Site "Hrdonov"]
[Date "2013.10.28"]
[Round "3"]
[White "Paukert, Jindrich"]
[Black "Sodomka, Adam"]
[Result "1/2-1/2"]
[WhiteElo "1832"]
[BlackElo "1846"]
[PlyCount "41"]
[EventDate "2013.10.26"]
[EventType "swiss"]
[EventRounds "9"]
[EventCountry "CZE"]
[SourceTitle "EXT 2016"]
[Source "ChessBase"]
[SourceDate "2015.10.08"]
[SourceVersion "1"]
[SourceVersionDate "2015.10.08"]
[SourceQuality "1"]

1. e4 c5 2. d3 d6 3. f4 Nc6 4. Nf3 g6 5. c3 Bg7 6. g3 e6 7. Bg2 Nge7 8. 0-0 0-0 9. Be3 b6 10. d4 cxd4 11. Nxd4 Bb7 12. Nd2 Rc8 13. N2b3 Nxd4 14. Nxd4 d5 15. e5 Ba6 16. Rf2 Qd7 17. Rc1 Rc7 18. Bf1 Bxf1 19. Qxf1 Nf5 20. Nxf5 gxf5 21. Bd2 1/2-1/2

[Event "Czech Fed-ch opA"]
[Site "Hrdonov"]
[Date "2013.10.26"]
[Round "1"]
[White "Paukert, Jindrich"]
[Black "Lhotka, Jiri"]
[Result "1/2-1/2"]
[WhiteElo "1832"]
[BlackElo "2072"]
[PlyCount "45"]
[EventDate "2013.10.26"]
[EventType "swiss"]
[EventRounds "9"]
[EventCountry "CZE"]
[SourceTitle "EXT 2016"]
[Source "ChessBase"]
[SourceDate "2015.10.08"]
[SourceVersion "1"]
[SourceVersionDate "2015.10.08"]
[SourceQuality "1"]

1. e4 c5 2. f4 d5 3. exd5 Qxd5 4. Nc3 Qd8 5. Nf3 Nf6 6. d4 e6 7. Be3 cxd4 8. Qxd4 Qxd4 9. Bxd4 a6 10. Ne5 Nbd7 11. 0-0-0 Bc5 12. Bxc5 Nxc5 13. g4 Ncd7 14. g5 Nxe5 15. gxf6 Ng6 16. fxg7 Rg8 17. Ne4 Ke7 18. Bc4 b5 19. Bb3 Nxf4 20. Rhf1 Nh5 21. Nd6 Rxg7 22. a4 b4 23. a5 1/2-1/2

[Event "Prague op-A 11th"]
[Site "Prague"]
[Date "2012.01.19"]
[Round "8"]
[White "Paukert, Jindrich"]
[Black "Grecny, Karol"]
[Result "0-1"]
[WhiteElo "1907"]
[BlackElo "1984"]
[PlyCount "74"]
[EventDate "2012.01.13"]
[EventType "swiss"]
[EventRounds "9"]
[EventCountry "CZE"]
[SourceTitle "CBM 146 Extra"]
[Source "ChessBase"]
[SourceDate "2012.02.29"]
[SourceVersion "1"]
[SourceVersionDate "2012.02.29"]
[SourceQuality "1"]

1. e4 e6 2. d3 d5 3. Nd2 Nf6 4. g3 Nc6 5. Bg2 dxe4 6. Nxe4 Nxe4 7. Bxe4 Bd6 8. f4 f5 9. Bxc6+ bxc6 10. Nf3 Qf6 11. Qe2 0-0 12. Ne5 Bxe5 13. fxe5 Qe7 14. Bd2 c5 15. Rf1 Bb7 16. 0-0-0 a5 17. g4 a4 18. Rde1 Ra6 19. Be3 Rb6 20. Rf4 Rb4 21. Ref1 g5 22. Rxb4 cxb4 23. gxf5 Rxf5 24. Bd2 Bd5 25. b3 axb3 26. axb3 Kg7 27. d4 Kg6 28. Rg1 c5 29. h4 h6 30. hxg5 h5 31. Rg3 Qf8 32. Rh3 Bf3 33. Qc4 Bd5 34. Qxc5 Qa8 35. Bxb4 Qa1+ 36. Kd2 Rf2+ 37. Ke3 Qf1 0-1

[Event "Prague op-A 11th"]
[Site "Prague"]
[Date "2012.01.15"]
[Round "3"]
[White "Kolakovic, Klaudio"]
[Black "Paukert, Jindrich"]
[Result "1-0"]
[WhiteElo "2045"]
[BlackElo "1907"]
[PlyCount "63"]
[EventDate "2012.01.13"]
[EventType "swiss"]
[EventRounds "9"]
[EventCountry "CZE"]
[SourceTitle "CBM 146 Extra"]
[Source "ChessBase"]
[SourceDate "2012.02.29"]
[SourceVersion "1"]
[SourceVersionDate "2012.02.29"]
[SourceQuality "1"]

1. d4 Nf6 2. Nc3 g6 3. e4 d6 4. Be2 Bg7 5. Be3 Nbd7 6. f4 0-0 7. e5 Ne8 8. Nf3 b6 9. Ng5 e6 10. Bf3 Rb8 11. Nb5 c5 12. Nxa7 Bb7 13. c3 dxe5 14. dxe5 Nc7 15. Nc6 Bxc6 16. Bxc6 f6 17. Nf3 Rf7 18. exf6 Nxf6 19. Ne5 Rf8 20. c4 Qe7 21. Qe2 Rbd8 22. Rd1 Rxd1+ 23. Qxd1 Nh5 24. 0-0 Rd8 25. Qe2 Qd6 26. Bf3 Bxe5 27. fxe5 Qxe5 28. Bxh5 gxh5 29. Qf3 Qg7 30. Qxh5 Ne8 31. Qh4 Ra8 32. Bh6 1-0

[Event "CZE-chT U20 final-A 1011"]
[Site "Czech Republic"]
[Date "2011.04.16"]
[Round "10.3"]
[White "Paukert, Jindrich"]
[Black "Miculka, David"]
[Result "1-0"]
[WhiteElo "1969"]
[BlackElo "1868"]
[PlyCount "75"]
[EventDate "2010.10.02"]
[EventType "team-tourn"]
[EventRounds "11"]
[EventCountry "CZE"]
[SourceTitle "EXT 2012"]
[Source "ChessBase"]
[SourceDate "2011.11.24"]
[SourceVersion "1"]
[SourceVersionDate "2011.11.24"]
[SourceQuality "1"]
[WhiteTeam "Kladno (U20)"]
[BlackTeam "Namest nad Oslavou (U20)"]
[WhiteTeamCountry "CZE"]
[BlackTeamCountry "CZE"]

1. e4 c6 2. d3 d5 3. Nd2 g6 4. g3 Bg7 5. Bg2 Nf6 6. f4 0-0 7. Ngf3 Qb6 8. Qe2 Nbd7 9. e5 Ng4 10. Nb3 Nc5 11. h3 Nxb3 12. axb3 Nh6 13. Be3 Qc7 14. g4 f6 15. d4 Nf7 16. 0-0-0 a5 17. Bd2 b5 18. Nh4 Ba6 19. b4 Rfb8 20. f5 g5 21. Nf3 axb4 22. Bxb4 Bb7 23. h4 h6 24. hxg5 fxg5 25. Ne1 Ra2 26. Nd3 Rba8 27. Kd2 Bc8 28. Rdf1 Qd8 29. Qf2 R2a7 30. Nc5 Qb6 31. Rh3 Ra1 32. Re3 Rxf1 33. Bxf1 Qd8 34. Bd3 Bf8 35. Ne6 Qb6 36. Rf3 Qb7 37. Nxf8 Kxf8 38. f6 1-0

[Event "CZE-chT U20 final-A 1011"]
[Site "Czech Republic"]
[Date "2011.04.15"]
[Round "8.3"]
[White "Paukert, Jindrich"]
[Black "Kozel, Jiri"]
[Result "1-0"]
[WhiteElo "1969"]
[BlackElo "1864"]
[PlyCount "133"]
[EventDate "2010.10.02"]
[EventType "team-tourn"]
[EventRounds "11"]
[EventCountry "CZE"]
[SourceTitle "EXT 2012"]
[Source "ChessBase"]
[SourceDate "2011.11.24"]
[SourceVersion "1"]
[SourceVersionDate "2011.11.24"]
[SourceQuality "1"]
[WhiteTeam "Kladno (U20)"]
[BlackTeam "Frydek Mistek (U20)"]
[WhiteTeamCountry "CZE"]
[BlackTeamCountry "CZE"]

1. e4 c5 2. d3 Nc6 3. g3 d6 4. Bg2 g6 5. f4 Bg7 6. Nf3 e6 7. c3 Nf6 8. Be3 0-0 9. h3 Nh5 10. Bf2 f5 11. 0-0 Bd7 12. Nbd2 Rb8 13. Kh2 b5 14. d4 b4 15. e5 bxc3 16. bxc3 cxd4 17. Nxd4 Rc8 18. exd6 e5 19. Bxc6 exd4 20. Bd5+ Kh8 21. Bxd4 Bxd4 22. cxd4 Bb5 23. Re1 Qxd6 24. Qb3 Rb8 25. Re6 Qc7 26. Qe3 Nf6 27. Bb3 Rbe8 28. Re5 Qb8 29. Rb1 Nd7 30. Re6 Qc8 31. a4 Rxe6 32. Bxe6 Bxa4 33. d5 Qc5 34. Qe2 Nf6 35. Nb3 Qd6 36. Qe5 Qb4 37. Qb2 Qxb3 38. Qxb3 Bxb3 39. Rxb3 Rd8 40. Ra3 a6 41. Ra5 Rd6 42. Kg2 Kg7 43. Kf3 h5 44. Ke3 Ne4 45. g4 hxg4 46. hxg4 Kf6 47. Kd4 Nd2 48. g5+ Ke7 49. Ra2 Ne4 50. Rh2 Kf8 51. Ke5 Kg7 52. Rb2 a5 53. Rb7+ Kh8 54. Ra7 Rb6 55. Rxa5 Kg7 56. Ra7+ Kh8 57. Bxf5 gxf5 58. Kxf5 Nc3 59. Rd7 Kg8 60. Ke5 Kf8 61. f5 Rb1 62. f6 Re1+ 63. Kf5 Ke8 64. Rd6 Rd1 65. Kg6 Rf1 66. Kg7 Ne4 67. Re6+ 1-0

[Event "CZE-chTW U20 1011"]
[Site "Czech Republic"]
[Date "2011.01.15"]
[Round "6.5"]
[White "Hollan, Petr"]
[Black "Paukert, Jindrich"]
[Result "0-1"]
[WhiteElo "1402"]
[BlackElo "1969"]
[PlyCount "89"]
[EventDate "2010.10.02"]
[EventType "team-tourn"]
[EventRounds "11"]
[EventCountry "CZE"]
[SourceTitle "EXT 2012"]
[Source "ChessBase"]
[SourceDate "2011.11.24"]
[SourceVersion "1"]
[SourceVersionDate "2011.11.24"]
[SourceQuality "1"]
[WhiteTeam "Praha Oaza (U20)"]
[BlackTeam "Kladno (U20)"]
[WhiteTeamCountry "CZE"]
[BlackTeamCountry "CZE"]

1. d4 Nf6 2. c4 g6 3. Nc3 d6 4. e4 Bg7 5. Be2 0-0 6. f4 c5 7. Be3 cxd4 8. Bxd4 Nc6 9. Be3 Qa5 10. Bd2 Qb6 11. b3 Nd4 12. Nf3 Nxe2 13. Qxe2 Bd7 14. Rc1 Bc6 15. Be3 Qb4 16. Bd2 Qb6 17. Be3 Qa5 18. Bd2 Qh5 19. 0-0 Rac8 20. h3 Nd7 21. Nd5 Bxd5 22. cxd5 e6 23. dxe6 fxe6 24. Bb4 Nc5 25. e5 Rxf4 26. Bxc5 dxc5 27. Qb5 Bxe5 28. Qd7 Rc6 29. Qxb7 Rc7 30. Qb5 Rf8 31. Qd3 Bf4 32. Rc4 Qd5 33. Qc3 Bh6 34. a3 Bg7 35. Qc2 a5 36. b4 axb4 37. axb4 Rfc8 38. Rd1 Qf5 39. Qxf5 exf5 40. Rdc1 Bb2 41. Rb1 Ba3 42. b5 Rb7 43. Ne5 Rcb8 44. Nc6 Rxb5 45. Rxb5 0-1

[Event "CZE-chTW U20 1011"]
[Site "Czech Republic"]
[Date "2010.11.27"]
[Round "5.5"]
[White "Toman, Ondrej"]
[Black "Paukert, Jindrich"]
[Result "0-1"]
[WhiteElo "1781"]
[BlackElo "1969"]
[PlyCount "168"]
[EventDate "2010.10.02"]
[EventType "team-tourn"]
[EventRounds "11"]
[EventCountry "CZE"]
[SourceTitle "EXT 2012"]
[Source "ChessBase"]
[SourceDate "2011.11.24"]
[SourceVersion "1"]
[SourceVersionDate "2011.11.24"]
[SourceQuality "1"]
[WhiteTeam "Udlice (U20)"]
[BlackTeam "Kladno (U20)"]
[WhiteTeamCountry "CZE"]
[BlackTeamCountry "CZE"]

1. e4 e5 2. Nf3 Nc6 3. d4 exd4 4. Nxd4 Nf6 5. Nxc6 bxc6 6. Bd3 d5 7. Qe2 Be7 8. Nc3 0-0 9. 0-0 Re8 10. e5 Bd6 11. f4 Bc5+ 12. Kh1 Bg4 13. Qe1 Nd7 14. Qg3 f5 15. h3 Re6 16. Na4 Rh6 17. Nxc5 Nxc5 18. Kg1 Bxh3 19. Qg5 Rg6 20. Qxd8+ Rxd8 21. Rf2 Kf7 22. Bd2 h5 23. Bb4 Ne6 24. Kh2 Bg4 25. Re1 h4 26. b3 h3 27. g3 Rh6 28. Bc3 g6 29. a4 Rb8 30. b4 Rh5 31. Ref1 Ke7 32. Bd2 Rhh8 33. c3 Nd8 34. Be3 Ke6 35. a5 Ra8 36. a6 Bh5 37. Ra1 Nf7 38. Rff1 Nh6 39. Bg1 Ng4+ 40. Kxh3 Nf2+ 41. Kg2 Nxd3 42. Ra2 c5 43. bxc5 Rab8 44. c6 Rb2+ 45. Rxb2 Nxb2 46. Rb1 Nc4 47. Rb7 Nb6 48. Rxc7 Rc8 49. Bxb6 Rxc7 50. Bxc7 Be2 51. Bb8 Bxa6 52. Bxa7 Bb5 53. c7 Kd7 54. Bb6 Ba6 55. Kh3 Ke6 56. Kh4 Bc8 57. Kh3 Bb7 58. Kg2 Kd7 59. Kg1 Kc6 60. Ba5 Bc8 61. Kf2 Kb5 62. Bb4 Bd7 63. Ke3 Kc4 64. Kd2 Be6 65. Kc2 d4 66. cxd4 Kxd4 67. Bd6 Ke4 68. Kc3 Kf3 69. Kd4 Kxg3 70. Kc5 Kxf4 71. Kc6 Ke4 72. Kb7 Kd5 73. c8Q Bxc8+ 74. Kxc8 Ke6 75. Kc7 f4 76. Kc6 f3 77. Bc5 Kxe5 78. Bf2 g5 79. Kc5 g4 80. Kc4 Kf4 81. Kd3 g3 82. Be3+ Kg4 83. Kd2 Kh3 84. Ke1 Kg2 0-1

[Event "CZE-ch Juniors op-B"]
[Site "Kouty nad Desnou"]
[Date "2009.03.14"]
[Round "9"]
[White "Paukert, Jindrich"]
[Black "Rydl, Adolf"]
[Result "0-1"]
[WhiteElo "1673"]
[BlackElo "1558"]
[PlyCount "40"]
[EventDate "2009.03.07"]
[EventType "swiss"]
[EventRounds "9"]
[EventCountry "CZE"]
[SourceTitle "EXT 2011"]
[Source "ChessBase"]
[SourceDate "2010.11.26"]
[SourceVersion "1"]
[SourceVersionDate "2010.11.26"]
[SourceQuality "1"]

1. e4 e6 2. d4 d5 3. exd5 exd5 4. c4 Nf6 5. Nf3 Be7 6. Nc3 0-0 7. b3 Bb4 8. Bb2 Re8+ 9. Be2 Qe7 10. a3 Bxc3+ 11. Bxc3 Bg4 12. Qd3 Nc6 13. Ra2 Nh5 14. 0-0 Nf4 15. Qe3 Qxe3 16. fxe3 Rxe3 17. Ne5 Rxe2 18. Bd2 Rxg2+ 19. Kh1 Nxe5 20. Rxf4 Bf3 0-1

[Event "CZE-ch U16"]
[Site "Sec u Chrudimi"]
[Date "2008.10.29"]
[Round "6"]
[White "Paukert, Jindrich"]
[Black "Chmel, Kristian"]
[Result "1/2-1/2"]
[WhiteElo "1534"]
[BlackElo "1918"]
[PlyCount "135"]
[EventDate "2008.10.25"]
[EventType "swiss"]
[EventRounds "9"]
[EventCountry "CZE"]
[SourceTitle "EXT 2022"]
[Source "ChessBase"]
[SourceDate "2021.10.06"]
[SourceVersion "1"]
[SourceVersionDate "2021.10.06"]
[SourceQuality "1"]

1. e4 c5 2. f4 d5 3. exd5 Qxd5 4. Bb5+ Bd7 5. Bxd7+ Qxd7 6. Nc3 Nc6 7. Nf3 Nf6 8. d3 e6 9. 0-0 Be7 10. Bd2 0-0 11. Ne4 Rfd8 12. Bc3 Nxe4 13. dxe4 Qc7 14. Qe2 Nd4 15. Bxd4 cxd4 16. Ne5 Rac8 17. Rac1 f6 18. Nd3 Rd6 19. Qf3 Rc6 20. Rf2 Qd7 21. e5 f5 22. Kh1 R8c7 23. Rd2 Qc8 24. Qf2 Qd7 25. Qf3 Qc8 26. Qf2 Bc5 27. Nxc5 Rxc5 28. g3 d3 29. c3 Rd7 30. Qf3 Rcd5 31. b3 g6 32. Kg2 Qc7 33. Qe3 Qa5 34. Kh3 Qc7 35. Qxa7 Rc5 36. c4 Qc8 37. Qb6 Rc6 38. Qe3 b5 39. Rxd3 Rdc7 40. Qd4 bxc4 41. Qd8+ Qxd8 42. Rxd8+ Kg7 43. Rxc4 Rxc4 44. bxc4 Rxc4 45. Rd7+ Kg8 46. Ra7 Rc2 47. a4 h6 48. a5 g5 49. fxg5 hxg5 50. a6 Rc6 51. Ra8+ Kg7 52. a7 Ra6 53. Kg2 Ra3 54. h4 gxh4 55. gxh4 Kh7 56. h5 Kg7 57. Re8 Rxa7 58. Rxe6 Ra5 59. h6+ Kf7 60. Rf6+ Kg8 61. Rxf5 Kh7 62. Rh5 Ra6 63. Kf3 Rxh6 64. Rxh6+ Kxh6 65. Kf4 Kg6 66. Kg4 Kf7 67. Kf5 Ke7 68. e6 1/2-1/2

[Event "CZE-ch U16"]
[Site "Sec u Chrudimi"]
[Date "2008.10.28"]
[Round "5"]
[White "Paukert, Jindrich"]
[Black "Mares, Jan"]
[Result "1-0"]
[WhiteElo "1534"]
[BlackElo "1780"]
[PlyCount "53"]
[EventDate "2008.10.25"]
[EventType "swiss"]
[EventRounds "9"]
[EventCountry "CZE"]
[SourceTitle "EXT 2022"]
[Source "ChessBase"]
[SourceDate "2021.10.06"]
[SourceVersion "1"]
[SourceVersionDate "2021.10.06"]
[SourceQuality "1"]

1. e4 e5 2. Nf3 Nc6 3. Bc4 Bc5 4. c3 d6 5. d3 Bg4 6. Nbd2 Qf6 7. h3 Bxf3 8. Nxf3 h6 9. 0-0 Nge7 10. b4 Bb6 11. Be3 0-0 12. Qd2 Ng6 13. Bb3 Nce7 14. d4 Nf4 15. Bxf4 exf4 16. e5 dxe5 17. dxe5 Qc6 18. Nd4 Bxd4 19. cxd4 g5 20. Rac1 Qd7 21. Qd3 Kg7 22. Rfe1 Nd5 23. Bc2 Rh8 24. e6 Nxb4 25. exd7 Nxd3 26. Bxd3 c6 27. Bf5 1-0

[Event "CZE-ch Juniors op-B"]
[Site "Sec u Chrudimi"]
[Date "2008.03.08"]
[Round "1"]
[White "Hlavsa, Filip"]
[Black "Paukert, Jindrich"]
[Result "0-1"]
[WhiteElo "1719"]
[BlackElo "1401"]
[PlyCount "46"]
[EventDate "2008.03.08"]
[EventType "swiss"]
[EventRounds "9"]
[EventCountry "CZE"]
[SourceTitle "EXT 2009"]
[Source "ChessBase"]
[SourceDate "2008.11.26"]
[SourceVersion "1"]
[SourceVersionDate "2008.11.26"]
[SourceQuality "1"]

1. e4 e5 2. Nf3 Nc6 3. d4 exd4 4. Bc4 Nf6 5. e5 d5 6. exf6 dxc4 7. 0-0 Be6 8. Re1 h6 9. Nbd2 Qxf6 10. Nxc4 0-0-0 11. Nce5 Nxe5 12. Nxe5 g5 13. c3 Bd6 14. Ng4 Qg7 15. cxd4 Bc5 16. Ne3 Rxd4 17. Qc2 Bb4 18. Rf1 Rhd8 19. a3 Bd2 20. b4 Bxc1 21. Raxc1 Qe5 22. Qa4 Kb8 23. Rc5 Qxc5 0-1

[Event "CZE-ch U12"]
[Site "Zlate Hory"]
[Date "2006.03.14"]
[Round "4"]
[White "Paukert, Jindrich"]
[Black "Suchomel, Ales"]
[Result "1-0"]
[WhiteElo "1376"]
[BlackElo "1000"]
[PlyCount "50"]
[EventDate "2006.03.11"]
[EventType "swiss"]
[EventRounds "9"]
[EventCountry "CZE"]
[SourceTitle "EXT 2008"]
[Source "ChessBase"]
[SourceDate "2007.11.25"]
[SourceVersion "1"]
[SourceVersionDate "2007.11.25"]
[SourceQuality "1"]

1. e4 e5 2. Nf3 Nc6 3. Bc4 Bc5 4. c3 Nf6 5. d3 0-0 6. Bg5 h6 7. Bh4 Be7 8. Nbd2 d6 9. 0-0 Be6 10. Bxe6 fxe6 11. Qb3 Qc8 12. d4 exd4 13. cxd4 Kh8 14. Rfe1 Rb8 15. d5 Nd8 16. e5 dxe5 17. Nxe5 Re8 18. Ng6+ Kh7 19. dxe6 Nxe6 20. Rxe6 Kxg6 21. Rae1 Qd7 22. Nf3 Bd6 23. Qd3+ Kf7 24. Bxf6 gxf6 25. Qh7+ Kf8 1-0

[Event "CZE-ch U12"]
[Site "Zlate Hory"]
[Date "2006.03.13"]
[Round "3"]
[White "Pfeffer, Dominik"]
[Black "Paukert, Jindrich"]
[Result "1-0"]
[WhiteElo "1390"]
[BlackElo "1376"]
[PlyCount "69"]
[EventDate "2006.03.11"]
[EventType "swiss"]
[EventRounds "9"]
[EventCountry "CZE"]
[SourceTitle "EXT 2008"]
[Source "ChessBase"]
[SourceDate "2007.11.25"]
[SourceVersion "1"]
[SourceVersionDate "2007.11.25"]
[SourceQuality "1"]

1. e4 e5 2. Nf3 Nc6 3. Bc4 Nf6 4. d4 exd4 5. e5 Ng4 6. Bxf7+ Kxf7 7. Ng5+ Ke8 8. Qxg4 Nxe5 9. Qxd4 Qf6 10. Qd5 c6 11. Qb3 h6 12. Ne4 Qf5 13. Ng3 Qf6 14. 0-0 d6 15. Re1 Kd7 16. Nc3 Qf7 17. Qa4 g6 18. Bf4 Bg7 19. Rad1 Re8 20. Qb4 Qe6 21. Bxe5 Bxe5 22. f4 Bxc3 23. Qxc3 Qf7 24. Ne4 Re6 25. Nc5+ Kc7 26. Nxe6+ Bxe6 27. Qd4 Rd8 28. Qxa7 Bxa2 29. Qe3 Kd7 30. Qe5 Bd5 31. Qd4 Rf8 32. c4 Bxc4 33. Qxd6+ Kc8 34. Re7 Qxf4 35. Qd7+ 1-0

[Event "CZE-ch U12"]
[Site "Zlate Hory"]
[Date "2006.03.12"]
[Round "2"]
[White "Paukert, Jindrich"]
[Black "Skoda, Adam"]
[Result "0-1"]
[WhiteElo "1376"]
[BlackElo "1456"]
[PlyCount "118"]
[EventDate "2006.03.11"]
[EventType "swiss"]
[EventRounds "9"]
[EventCountry "CZE"]
[SourceTitle "EXT 2008"]
[Source "ChessBase"]
[SourceDate "2007.11.25"]
[SourceVersion "1"]
[SourceVersionDate "2007.11.25"]
[SourceQuality "1"]

1. e4 e5 2. Nf3 Nf6 3. d4 exd4 4. e5 Nd5 5. Qxd4 Nb6 6. Bg5 Be7 7. Bxe7 Qxe7 8. Bd3 Nc6 9. Qe3 0-0 10. 0-0 d6 11. Re1 Bg4 12. Nbd2 Nd7 13. exd6 Qxd6 14. h3 Bxf3 15. Nxf3 Nf6 16. Rad1 Qb4 17. b3 Rfe8 18. c3 Rxe3 19. cxb4 Rxe1+ 20. Rxe1 Nxb4 21. Re7 Nxd3 22. Rxc7 b6 23. Ng5 Ne5 24. Re7 h6 25. Rxe5 hxg5 26. Rxg5 Rd8 27. Rg3 Rd1+ 28. Kh2 Rd2 29. a4 Rxf2 30. Kg1 Rd2 31. Re3 Kf8 32. Kf1 Rd4 33. Ke2 Re4 34. Rxe4 Nxe4 35. Ke3 Nd6 36. Kf4 Ke7 37. g4 Ke6 38. h4 Kd5 39. h5 Kd4 40. g5 f6 41. h6 fxg5+ 42. Kxg5 gxh6+ 43. Kxh6 Kc3 44. Kg6 Kxb3 45. Kf6 Kxa4 46. Ke6 Nc4 47. Kd5 Kb4 48. Kd4 a5 49. Kd3 b5 50. Kc2 a4 51. Kc1 a3 52. Kb1 Kb3 53. Ka1 Kc3 54. Ka2 b4 55. Kb1 b3 56. Ka1 b2+ 57. Kb1 Nd2+ 58. Ka2 b1Q+ 59. Kxa3 Qb3# 0-1